|
|
|
|
| LEADER |
00000nam a2200000 i 4500 |
| 001 |
DIGSBED0226 |
| 003 |
NyNyDIG |
| 007 |
cr ||||||||||| |
| 008 |
251010s2022 ag a ob 000 0bspa d |
| 006 |
m o d |
| 035 |
|
|
|a (OCoLC)1545265946
|
| 040 |
|
|
|a DGITA
|b eng
|e rda
|e pn
|c DGITA
|
| 020 |
|
|
|z 9789878918433
|
| 043 |
|
|
|a s-ag---
|
| 050 |
1 |
4 |
|a TR140.M67 ebook
|
| 245 |
0 |
0 |
|a Juan Moreteau a través de su lente :
|b instrumental científico y archivos desconocidos en las fronteras del Chubut (1896-1951) /
|c Julio Vezub, Sebastián Pérez Parry (editores) ; Matías Chávez [and 6 others] ; Grupo de Estudios Sociohistóricos, Instituto Patagónico de Ciencias Sociales y Humanas.
|
| 264 |
|
1 |
|a Buenos Aires :
|b Sb Editorial,
|c [2022]
|
| 300 |
|
|
|a 1 online resource :
|b illustrations.
|
| 336 |
|
|
|a text
|b txt
|2 rdacontent
|
| 337 |
|
|
|a computer
|b c
|2 rdamedia
|
| 338 |
|
|
|a online resource
|b cr
|2 rdacarrier
|
| 347 |
|
|
|a text file
|2 rdaft
|
| 347 |
|
|
|b PDF
|
| 504 |
|
|
|a Includes bibliographical references.
|
| 588 |
0 |
|
|a Online resource; title from PDF title page (Digitalia, viewed October 10, 2025)
|
| 600 |
1 |
0 |
|a Moreteau, Jean Joanny,
|d 1870-1951.
|
| 650 |
|
0 |
|a Photographers
|z Argentina
|v Biography.
|
| 651 |
|
0 |
|a Chubut (Argentina)
|x Civilization.
|
| 700 |
1 |
|
|a Vezub, Julio,
|e editor.
|
| 700 |
1 |
|
|a Pérez Parry, Sebastián,
|e editor.
|
| 700 |
1 |
|
|a Chávez, Matías,
|e author.
|
| 791 |
2 |
|
|a Digitalia (Firm),
|e distributor.
|
| 793 |
0 |
|
|g Digitalia eBook Collection:
|a Sb Editorial
|
| 776 |
0 |
8 |
|i Print version:
|t Juan Moreteau a través de su lente.
|b 1a edición.
|d Buenos Aires : Sb Editorial, [2022]
|z 9789878917433
|
| 856 |
4 |
0 |
|3 Digitalia Hispánica
|u https://www.digitaliapublishing.com/a/180348/
|
| 910 |
|
|
|a Premium collection: 2025
|